000
00298nam a2200121Ia 4500
008
190216s9999||||xx |||||||||||||| ||und||
100
_a
Sharma G S And Bhargava
245
2
_a
A Text Book Of Mechanics
260
_b
Ratan Prakashan Mandir
_c
1990
300
_a
636p
650
_a
Physics
942
_c
BK
999
_c
33271
_d
33271